Normal view
MARC view
- Pohl, Ira Kelley, Al
Entry Personal Name
001 - CONTROL NUMBER
- control field: 76379
003 - CONTROL NUMBER IDENTIFIER
- control field: NUST
005 - DATE AND TIME OF LATEST TRANSACTION
- control field: 20210628205633.0
008 - FIXED-LENGTH DATA ELEMENTS
- fixed length control field: 210628|| aca||aabn | a|a d
040 ## - CATALOGING SOURCE
- Original cataloging agency: NUST
- Transcribing agency: NUST
100 ## - HEADING--PERSONAL NAME
- Personal name: Pohl, Ira Kelley, Al
670 ## - SOURCE DATA FOUND
- Source citation: Work cat.: (NUST): Pohl, Ira Kelley, Al, A book on c programming in c, 1995
